| 000 | 01270nam0a2200289 4500 | ||
|---|---|---|---|
| 001 | RU\NLR\bibl\454663 | ||
| 005 | 20250623182451.0 | ||
| 010 |
_a5-7807-0278-0 _9150 |
||
| 021 |
_aRU _b2003-55455 _92696 |
||
| 035 | _a(NLR Aleph) 000448229 | ||
| 090 |
_a857151 _c857151 |
||
| 100 | _a20031103d2003 |||y0rusy50 ca | ||
| 101 | 0 | _arus | |
| 102 | _aRU | ||
| 105 | _aa ||||||||| | ||
| 200 | 1 |
_aОсновы механики _eУчеб. пособие _eДля студентов вузов, обучающихся по спец. 010400 - "Физика" _fМ.И. Давидзон _gМ-во образования Рос. Федерации, Иван. гос. ун-т |
|
| 210 |
_aИваново _cИван. гос. ун-т _d2003 |
||
| 215 |
_a314 с. _cил. _d21 |
||
| 606 | 0 |
_aМеханика _jРуководства, пособия и т.п. для высшей школы _91564071 _3RU\NLR\auth\66684576 |
|
| 606 | 0 |
_aМеханика _jУчебные издания для высших учебных заведений _91564071 _3RU\NLR\auth\66684576 |
|
| 686 | _aВ2я73-1 | ||
| 700 | 1 |
_aДавидзон _bМ. И. _gМихаил Иосифович _4070 |
|
| 801 | 0 |
_aRU _bNLR _c20031103 _gPSBO |
|
| 801 | 1 |
_aRU _bNLR _c20031103 |
|
| 942 | _cBOOK | ||
| 980 | _aNB | ||